| 000 | 00807nam a2200217 i 4500 | ||
|---|---|---|---|
| 001 | 161730 | ||
| 003 | ES-MaACL | ||
| 005 | 20240522063058.0 | ||
| 008 | 971202s1894 sp |||| | spa d | ||
| 080 | _a821.134.2-31"18" | ||
| 100 | 1 |
_aPereda, José María de, _d1833-1906 _990447 |
|
| 245 | 1 | 0 |
_aNubes de estío / _cJosé M. de Pereda. |
| 260 |
_aMadrid : _b[s.n.], _c1894 ( _fViuda e Hijos de Manuel Tello) |
||
| 300 |
_a586 p. ; _c18 cm. |
||
| 490 | 1 |
_aObras completas de José M. de Pereda ; _v14 |
|
| 530 | _aDisponible en formato digital. | ||
| 830 | 0 |
_aObras completas de José M. de Pereda ; _v14 _9188346 |
|
| 852 |
_aES-MaACL _jB-3701 _z- Enc. hol. |
||
| 856 |
_uhttp://bdh-rd.bne.es/viewer.vm?id=0000246172&page=1 _zBiblioteca Digital Hispánica |
||
| 999 |
_c161730 _d161730 |
||